| 000 | 02057cam a22003498i 4500 | ||
|---|---|---|---|
| 001 | 18293588 | ||
| 003 | EG-ScBUE | ||
| 005 | 20250715100321.0 | ||
| 008 | 140908t2015 mau f 001 0 eng d | ||
| 020 | _a9780124079137 | ||
| 040 |
_aDLC _beng _erda _cDLC _dEG-ScBUE |
||
| 082 | 0 | 4 |
_a541.361 _bGLA _222 |
| 100 | 1 |
_aGlassman, Irvin, _eauthor. |
|
| 245 | 1 | 0 |
_aCombustion / _cIrvin Glassman, Princeton University, Richard A. Yetter, The Pennsylvania State University and Nick G. Glumac, University of Illinois at Urbana-Champaign. |
| 250 | _aFifth edition. | ||
| 264 | 1 |
_aWaltham, MA : _bAcademic Press, Elsevier, _c[2015] |
|
| 264 | 4 | _cc2015 | |
| 300 |
_a757 pages ; _c24 cm |
||
| 336 |
_2rdacontent _atext _btxt |
||
| 337 |
_aunmediated _2rdamedia _bn |
||
| 338 |
_avolume _bnc _2rdacarrier |
||
| 500 | _aIncludes index. | ||
| 500 | _aIncludes Appendices. | ||
| 505 | 8 | _aMachine generated contents note: Chapter 1: Chemical Thermodynamics and Flame Temperatures Chapter 2: Chemical Kinetics Chapter 3: Explosive and General Oxidative Characteristics of Fuels Chapter 4: Flame Phenomena in Premixed Combustible Gases Chapter 5: Detonation Chapter 6: Diffusion Flames Chapter 7: Ignition Chapter 8: Environmental Combustion Considerations Chapter 9: Combustion of Nonvolatile Fuels Chapter 10: New Concepts and Technologies Appendices. | |
| 520 | _a"The parameters essential for the evaluation of combustion systems are the equilibrium product temperature and composition. If all the heat evolved in the reaction is employed solely to raise the product temperature, this temperature is called the adiabatic flame temperature. Because of the importance of the temperature and gas composition in combustion considerations, it is appropriate to review those aspects of the field of chemical thermodynamics that deal with these subjects"-- | ||
| 650 | 7 |
_aCombustion. _2BUEsh |
|
| 653 |
_bENGMEC _cMarch2015 |
||
| 655 |
_vReading book _934232 |
||
| 700 | 1 |
_aYetter, Richard A., _d1952- _eauthor. |
|
| 700 | 1 |
_aGlumac, Nick, _eauthor. |
|
| 942 |
_2ddc _cBB |
||
| 999 |
_c19058 _d19030 |
||